000 00405nam a22001457a 4500
010 _aA-542048
035 _aA-542048
037 _bBPPD/PUB
100 _aDebroy, Dipavali
245 _aThe garuda purana /
_cby Dipavali Debroy, Bibek Debroy
260 _aNew delhi
_bBooks for all
_c2008
300 _a99p.
_c18cm(Hb)
700 _aDebroy Bibek
942 _2ddc
_cEN
_h230.22
_mDEB
999 _c155713
_d155713